000 00627nam a22001457a 4500
999 _c533541
_d533541
008 260603b ||||| |||| 00| 0 eng d
100 _aSengupta, Kaustubh Mani
_960945
245 _aStepping back in time: Unknown Narratives of a city
260 _aThe Book Review
300 _a49(6), Jun, 2025: p.8-9
520 _aHarry Hobbs of Kolkata and other forgotten lives: Some unusual Caucasians of 19th centur5y Kolkata and their intriguing tales by Devasis Chattopadhyay, paper missile/Niyogi books, New Delhi, 2024, 275pp. Rs.495.00. – Reproduced
773 _aThe Book Review
906 _aBOOK REVIEW
942 _cAR